000 01097nam a22002057a 4500
003 BD-DhUL
005 20170226142341.0
008 170220s2008 bg a|||| m||| 00| 0 ben d
040 _aBD-DhUL
_cBD-DhUL
082 _a891.44
_bISU
100 1 _aইসলাম, মো: সাইফুল
245 1 0 _aউনিশ শতকের চিন্তাধারায় অক্ষয়কুমার দত্তের অবদান /
_cমো: সাইফুল ইসলাম ।
_hঅভিসন্দর্ভ (পি.এইচ.ডি).
260 _aঢাকা :
_bঢাকা বিশ্ববিদ্যালয়,
_c১৯৯৯ ।
300 _a[২], ৩৯০ পৃ. ;
_c২৯ সেমি ।
500 _aঅভিসন্দর্ভ ( পিএইচ.ডি ) -- বাংলা বিভাগ, ঢাকা বিশ্ববিদ্যালয়, ২০০৮ ।
504 _aগ্রন্থপজ্ঞি সম্বলিত ।
650 0 _aবাংলা সাহিত্য ।
650 0 _aBangla Literature.
942 _2ddc
_cREF
999 _c157994
_d157994